=LDR 00000nam 2200000 4500 =001 INLIS000000000050642 =005 20170510093704 =035 ##$$a 0010-0517000295 =007 ta =008 170510###########################0###### =020 ##$$a 978-602-9212-42-6 =082 ##$$a 745.5 =084 ##$$a 745.5 SUL p =100 #$$a Sulistiyo, Sari =245 1#$$a Perca Panduan Berkreasi dan Berbisnis : $b Sari Sulistiyo /$c Sari Sulistiyo =250 ##$$a Cet.1 =260 ##$$a Solo :$b Tiga Serangkai,$c 2012 =300 ##$$a 96 hlm : $b Ilus ; $c 27 cm. =650 ##$$a PERCA =990 ##$$a 82738273 =990 ##$$a 82738273 =990 ##$$a 31701459 =990 ##$$a 02201708273 =990 ##$$a 31701460 =990 ##$$a 31701459